| 000 | 01391nam a2200205 i 4500 | ||
|---|---|---|---|
| 001 | 170416 | ||
| 003 | ES-MaACL | ||
| 005 | 20250806045157.0 | ||
| 008 | 090304s19071908sp |||| | spa d | ||
| 110 | 2 |
_aReal Academia de Medicina de Madrid _96318 |
|
| 245 | 1 | 1 |
_a[Discursos pronunciados en la Real Academia de Medicina de Madrid _b: 1907-1908]. |
| 260 |
_aMadrid : _b[s.n.], _c1907 ( _eGraf. Enrique Teodoro) |
||
| 300 |
_a1 v. ; _c27 cm. |
||
| 500 | _aEn port.: Memoria leída en la solemne sesión inagural del año de 1907 en la Real Academia de Madicina. | ||
| 505 | 8 | _aContiene: [Resumen de la historia y tareas desempeñadas por la Academia en el año 1906] / Manuel Iglesias y Díaz (32 p.). Algunas reflexiones acerca de la cirugía gástrica / José Ribera y Sans (209 p.). El órgano del alma / Tomás Maestre y Pérez (71 p.). Discurso.../ José Gómez Ocaña (p. 73-99). La rabia y su profilaxis / Dalmacio García e Izcara (63 p.). Discurso.../ Santiago de la Villa y Martín (p. 65-78). Textura y fisiología del peritoneo / Enrique de Isla y Bolomburu (66 p.). Discurso.../ Julián Calleja y Sánchez (p.67-79). Cómo debe enterderse actualmente la llamada cirugía conservadora / Luis Guedea y Calvo (92 p) | |
| 545 | _aDed. autográfa del autor a la Biblioteca del Ateneo. | ||
| 852 |
_aES-MaACL _9177069 _jK-109 |
||
| 942 | _2udc | ||
| 999 |
_c170416 _d170416 |
||